Úloha controlléra v organizácii
Základné rozdiely medzi pozíciou controlléra a jemu veľmi podobnými pozíciami ako sú finančný manažér, účtovný manažér (Account Manager), hlavný finančný riaditeľ (Chief Financial Officer). Výhody a nevýhody internej verzus externej formy controllingu v podniku.
Saved in:
| Main Author: | |
|---|---|
| Other Authors: | |
| Format: | Book Chapter |
| Language: | Slovak |
| Subjects: | |
| Tags: |
No Tags, Be the first to tag this record!
|
MARC
| LEADER | 00000naa$a2200000$$$4500 | ||
|---|---|---|---|
| 001 | 0260141 | ||
| 005 | 20240502074120.3 | ||
| 041 | 0 | |a slo | |
| 044 | |a SK | ||
| 245 | 1 | 0 | |a Úloha controlléra v organizácii |c Magdaléna Freňáková, Karina Motyľ |
| 520 | |a Základné rozdiely medzi pozíciou controlléra a jemu veľmi podobnými pozíciami ako sú finančný manažér, účtovný manažér (Account Manager), hlavný finančný riaditeľ (Chief Financial Officer). Výhody a nevýhody internej verzus externej formy controllingu v podniku. | ||
| 610 | 2 | 0 | |a manažéri |
| 610 | 2 | 0 | |a manažment finančný |
| 610 | 2 | 0 | |a organizácia |
| 610 | 2 | 0 | |a outsourcing |
| 100 | 1 | |a Freňáková, Magdaléna, 1981- | |
| 700 | 1 | |a Motyľ, Karina | |